[Event "IBCA Wch Blind and Visually imp U22"]
[Site "Solec Zdroj"]
[Date "2018.08.16"]
[Round "3.8"]
[White "Tryjanska, Emilia"]
[Black "Garanin, Danil"]
[Result "0-1"]
[WhiteElo "1045"]
[BlackElo "1565"]
[PlyCount "98"]
[EventDate "2018.08.14"]
[EventType "swiss"]
[EventRounds "9"]
[EventCountry "POL"]
[SourceTitle "EXT 2024"]
[Source "ChessBase"]
[SourceDate "2023.10.10"]
[SourceVersion "1"]
[SourceVersionDate "2023.10.10"]
[SourceQuality "1"]

1. e4 g6 2. d4 Bg7 3. Nc3 a6 4. f4 b5 5. Nf3 Bb7 6. Bd3 d6 7. Qe2 c5 8. e5 cxd4 9. Nxd4 dxe5 10. Nf3 exf4 11. Bxf4 Nf6 12. 0-0-0 Qa5 13. Rhe1 Nc6 14. a3 0-0 15. Be4 Nxe4 16. Nxe4 b4 17. Rd3 Qf5 18. Qe3 bxa3 19. Rxa3 Na5 20. Ng3 Qb5 21. Be5 Nc4 22. Qc3 Bxe5 23. Nxe5 Nxa3 24. Qxa3 e6 25. Ng4 Qg5+ 26. Ne3 f5 27. Kb1 f4 28. Qb3 Qe7 29. Ng4 Bd5 30. Qc3 Qg5 31. h3 fxg3 32. Qxg3 h5 33. h4 Qxg4 34. Qxg4 hxg4 35. g3 Rf3 36. Rg1 Raf8 37. b3 Rf1+ 38. Rxf1 Rxf1+ 39. Kb2 e5 40. c4 Bc6 41. Kc2 e4 42. Kd2 Rf3 43. Ke2 Rxg3 44. b4 Rf3 45. Ke1 g3 46. Ke2 g2 47. Ke1 g1Q+ 48. Ke2 Qg2+ 49. Ke1 Rf1# 0-1